Blubber ship / (Record no. 186342)

000 -LEADER
fixed length control field 00833 a2200181 4500
003 - CONTROL NUMBER IDENTIFIER
control field Nust
005 - DATE AND TIME OF LATEST TRANSACTION
control field 20230131141702.0
040 ## - CATALOGING SOURCE
Transcribing agency Nust
082 ## - DEWEY DECIMAL CLASSIFICATION NUMBER
Classification number 808.83,KEY
100 ## - MAIN ENTRY--PERSONAL NAME
Personal name Keyses, Nial O'Malley
9 (RLIN) 108260
245 ## - TITLE STATEMENT
Title Blubber ship /
Statement of responsibility, etc. Nial O'Malley Keyses,
260 ## - PUBLICATION, DISTRIBUTION, ETC.
Place of publication, distribution, etc. George G.Harrap & Co. Ltd
Name of publisher, distributor, etc. Bombay
Date of publication, distribution, etc. 1939
300 ## - PHYSICAL DESCRIPTION
Extent 275 p
Other physical details illus
Dimensions 24 cm
505 ## - FORMATTED CONTENTS NOTE
Formatted contents note Eton Exit (Page-11), A Bad Smell (Page-34), Chaos and Confusion (Page-54), Trouble in Paradise (Page-76), Chown Time (Page-98), Bolling Blubber Ferzon Meat (Page-119), Whalers Waterloo (Page-142), All Quiet at San Clement (Page-166), Killer Boat (Page-185), Promoted Buson (Page-212), Outcasts (Page-232), The Savage returns to Civilizations (Page-253).
600 ## - SUBJECT ADDED ENTRY--PERSONAL NAME
Personal name Keyses, Nial O'Malley
9 (RLIN) 108260
650 ## - SUBJECT ADDED ENTRY--TOPICAL TERM
Topical term or geographic name entry element Blubber ship
9 (RLIN) 108261
942 ## - ADDED ENTRY ELEMENTS (KOHA)
Source of classification or shelving scheme
Koha item type Book
Call number prefix 808.83,KEY
Holdings
Withdrawn status Lost status Source of classification or shelving scheme Damaged status Not for loan Permanent Location Current Location Shelving location Date acquired Full call number Barcode Date last seen Price effective from Koha item type Public note
          Military College of Signals (MCS) Military College of Signals (MCS) General Stacks 12/12/2016 808.83,KEY MCS29889 12/08/2016 12/12/2016 Book Almirah No. 57, Shelf No. 1
© 2023 Central Library, National University of Sciences and Technology. All Rights Reserved.